000 00645nam a2200205 4500
005 20250321152258.0
010 _aENG-144192
020 _a9788178245577
_c695.00
035 _aEN-127724
037 _bDBAD
082 _a945.13
_21
100 _aDalmia, Vasudha
_979827
245 _aFiction As History;
_cVasudha Dalmia
_bThe Novel and the City in Mordern North India
260 _aRanikhet
_bPermanent Black
_c2017
270 _a'Himalayana', Mall Road, Ranikhet Cantt,
_bRanikhet
_e263645
_mperblack@gmail.com
300 _axvi,428p.
_c21.5cm(pb)
700 _979784
700 _979785
942 _2ddc
_cEN
_h954.13
_mDAL
999 _c210428
_d210428